Virtual Box 3.1: (Record no. 326797)

MARC details
000 -LEADER
fixed length control field 00460nam a2200169Ia 4500
008 - FIXED-LENGTH DATA ELEMENTS--GENERAL INFORMATION
fixed length control field 230718s9999 xx 000 0 und d
020 ## - INTERNATIONAL STANDARD BOOK NUMBER
International Standard Book Number 9789350231685
041 ## - LANGUAGE CODE
Language code of text/sound track or separate title eng
082 ## - DEWEY DECIMAL CLASSIFICATION NUMBER
Classification number 005
Item number ROM
100 ## - MAIN ENTRY--PERSONAL NAME
Personal name Romero A.V.
9 (RLIN) 175388
245 ## - TITLE STATEMENT
Title Virtual Box 3.1:
Remainder of title Beginner's Guide
260 ## - PUBLICATION, DISTRIBUTION, ETC. (IMPRINT)
Date of publication, distribution, etc. 2010
Name of publisher, distributor, etc. Packt Publishing
300 ## - PHYSICAL DESCRIPTION
Extent 333
365 ## - TRADE PRICE
Currency code Rs.
Price amount 450.00
700 ## - ADDED ENTRY--PERSONAL NAME
Personal name Romero A.V.
9 (RLIN) 175388
906 ## - LOCAL DATA ELEMENT F, LDF (RLIN)
d O:0144230-Dec-2010B:643430-Nov-2010
c COMP
b 112.5
Holdings
Withdrawn status Lost status Damaged status Not for loan Home library Current library Date acquired Vendor Budget Code Cost, normal purchase price Bill number Total Checkouts Full call number Barcode Date last seen Discount Cost, replacement price Bill Date Koha item type Original Barcode
        Cummins College of Engineering for Women Pune Cummins College of Engineering for Women Pune 30/12/2010 Tbs COMP 337.50 6434   005 CCEP-BK-38004 18/07/2023 112.5 450.00 30/11/2010 Books 038004